Bài giảng mô phôi

محفوظ في:
التفاصيل البيبلوغرافية
المؤلف الرئيسي: Phạm Quang Địch
التنسيق: كتاب
اللغة:Undetermined
منشور في: Hà Nội Y học 1985
الموضوعات:
الوسوم: إضافة وسم
لا توجد وسوم, كن أول من يضع وسما على هذه التسجيلة!
Thư viện lưu trữ: Trung tâm Học liệu Trường Đại học Cần Thơ
LEADER 00473nam a2200181Ia 4500
001 CTU_9103
008 210402s9999 xx 000 0 und d
082 |a 591.824 
082 |b B450 
100 |a Phạm Quang Địch 
245 0 |a Bài giảng mô phôi 
245 0 |c Phạm Quang Địch 
260 |a Hà Nội 
260 |b Y học 
260 |c 1985 
650 |a histology 
904 |i Minh, 960924 
980 |a Trung tâm Học liệu Trường Đại học Cần Thơ